Nahjul Balagha (Record no. 9022)

MARC details
000 -LEADER
fixed length control field 00604nam a2200241 a 4500
020 ## - INTERNATIONAL STANDARD BOOK NUMBER
ISBN
082 00 - DEWEY DECIMAL CLASSIFICATION NUMBER
Classification number 297.82
Author Cutter IMA4
100 ## - MAIN ENTRY--AUTHOR NAME
Author name Imam, Ali
245 ## - TITLE STATEMENT
Title Nahjul Balagha
Sub title Sermons, Letters and Saying of Imam Ali
260 ## - PUBLICATION, DISTRIBUTION, ETC. (IMPRINT)
Place of publication Delhi
Name of publisher Deni Book Depot
Year of publication 0000
300 ## - PHYSICAL DESCRIPTION
Number of Pages 140p
500 ## - GENERAL NOTE
General note includes index and biblioraphy
505 2# - FORMATTED CONTENTS NOTE
Formatted contents note Appendic140es, Bibliography
650 ## - SUBJECT ADDED ENTRY--TOPICAL TERM
Topical Term Shiah-Ali
942 ## - ADDED ENTRY ELEMENTS (KOHA)
Koha item type Books
700 1# -
-- Imam, Ali
Holdings
Collection code Home library Current library Date acquired Cost, normal purchase price Full call number Accession Number Koha item type
  Henry Martyn Institute Library Henry Martyn Institute Library 06/28/2007 100.00 297.82 IMA4 014773 Books
                   Copyright © 2026 | Henry Martyn Institute | Hyderabad | TS-500052 | INDIA | Implemented by hmi.edu.in
Hit-Count:

Powered by Koha